Statistics for Most Recently Independent Countries by Ruling Country

Click here to take the quiz!

General Stats

  • This quiz has been taken 59 times
  • The average score is 8 of 14

Answer Stats

YearRuling CountryNewest Country% Correct
1990South AfricaNamibia
83%
1975AustraliaPapua New Guinea
83%
1944DenmarkIceland
80%
1905SwedenNorway
80%
1975NetherlandsSuriname
69%
1975PortugalAngola
65%
1962New ZealandSamoa
65%
1945JapanKorea
61%
1960ItalySomalia
57%
1968SpainEquatorial Guinea
52%
1962BelgiumBurundi/Rwanda
46%
1994United StatesPalau
46%
1984United KingdomBrunei
19%
1980FranceVanuatu
19%

Score Distribution

Percentile by Number Answered

Percent of People with Each Score

Your Score History

You have not taken this quiz